000
00321nam a2200133Ia 4500
005
20260326100031.0
008
260326s9999||||xx |||||||||||||| ||und||
100
_a
McQuade, Walter
245
0
_a
City Fit to Live In /
_c
Walter McQuade
260
_b
Macmillan
300
_a
152 p.
650
_a
DISEÑO URBANO
942
_c
BK
999
_c
6589
_d
6589